000 00622cam a22002293a 4500
001 23185
003 PGUSA
005 20140828083508.0
008 071024s2007||||xxu|||||s|||||000 1 eng d
040 _aPGUSA
_beng
042 _adc
100 1 _aUrban, Helen M.
245 1 4 _aThe Glory of Ippling
_h[electronic resource] /
_cHelen M. Urban
260 _bProject Gutenberg,
_c2007
506 _aPublic domain in the USA.
516 _aElectronic text
653 _aShort stories
653 _aScience fiction
830 0 _aProject Gutenberg
_v23185
856 4 0 _uhttp://www.gutenberg.org/ebooks/23185
942 _cEB
999 _c252440
_d252440